00872nam a2200253Ia 450000500170000000800410001702000150005808200200007310000230009324501050011625000190022130000480024049000210028850000210030965000350033065000350036565000510040070000140045126400300046533600270049533700330052233800280055504000350058320220317000943.0160825s2005 sp a g 000 0 spa  a844819840904a511.0212 bS63f1 aSpiegel, Murray R.10aFórmulas y tablas de matemática aplicadacMurray R. Spiegel, John Liu, Lorenzo Abellanas Rapún a2a. edición  axvi, 366 páginas bilustraciones c23 cm  aCompendios Shaum aIncluye índice142LEMBaFormulas xMatemáticas142LEMB aTablas xMatemáticas 142LEMB aMatemáticas xProblemas y ejercicios 1 aLiu, John aMadridbMcGraw-Hillc2005 atextobtxt2rdacontent asin mediaciónbn2rdamedia avolumenbnc2rdacarrier aCO-BoRNBPbspaerdacCO-BoRNBP